000 00299nam a22001337a 4500
008 171017b xxu||||| |||| 00| 0 eng d
020 _a9780070468191
041 _aeng
080 _213TH
_a330.101.542
100 _a52
101 _aMIK
245 _aMICROECONOMICS
_cCONNELL,C.R
942 _2udc
_cBK
999 _c34463
_d34463